El efecto Medici : percepciones rompedoras en la intersección de ideas, conceptos y culturas /

Obra que plantea que la conjugación de planteamientos interdisciplinarios y una perspectiva abierta frente a las diversas culturas y las ideas de los demás, abre un campo óptimo para la creatividad y la innovación. El autor llama a eso efecto Medici, en referencia al efervescente y rico contexto soc...

Descripción completa

Guardado en:
Detalles Bibliográficos
Autor principal: Johansonn, Frans (autor)
Formato: Libro
Idioma:Español
Publicado: Barcelona, España : Deusto, 2005, c2005
Colección:(Harvard Business School)
Temas:
Etiquetas: Agrega una etiqueta
Sin etiquetas, Sé el primero en etiquetar este registro!

MARC

LEADER 00000nam^a2200000^a^4500
001 000191654
005 20250521000000.0
009 20260310102535.418
020 |a 84-234-2311-5 
037 |a Acervo ITESO - Biblioteca 
041 |a ESP 
082 |a 658. 4063  |b JOH 
100 |a Johansonn, Frans  |e (autor) 
245 1 3 |a El efecto Medici :  |b percepciones rompedoras en la intersección de ideas, conceptos y culturas /  |c F. Johansonn ; tr. por Marta García Madera. 
264 4 |a Barcelona, España :  |b Deusto,  |c 2005, c2005 
300 |a 197 p. 
336 |a texto  |b txt  |2 rdacontenido 
337 |a sin mediación  |b n  |2 rdamedio 
338 |a volumen  |b nc  |2 rdasoporte 
440 1 |a (Harvard Business School) 
500 |a Traducción de: The Medici Effect 
520 |a Obra que plantea que la conjugación de planteamientos interdisciplinarios y una perspectiva abierta frente a las diversas culturas y las ideas de los demás, abre un campo óptimo para la creatividad y la innovación. El autor llama a eso efecto Medici, en referencia al efervescente y rico contexto socio-artístico impulsado por los Medici en la Italia renacentista. 
649 |a XX 
650 |a Empresa y Sociedad 
650 |a Innovación Administrativa -  |x Tema Principal 
650 |a Exito Administrativo -  |x Tema Principal 
650 |a Relaciones Interculturales 
650 |a Interdisciplinariedad 
650 |a Proceso Administrativo -  |x Dirección 
650 |a Administración 
650 |a Ciencias Administrativas 
910 |a Fondo General 
920 |a Impresos - Libros 
930 |a Colección General 
905 |a 101 
901 |a 0500135200  |b IT1  |c ACC  |u 20250521 
902 |a https://opac.biblio.iteso.mx/vufind/Record/000191654